| 000 | 00452nam a22001817a 4500 | ||
|---|---|---|---|
| 999 |
_c36429 _d36429 |
||
| 003 | OSt | ||
| 005 | 20240507104903.0 | ||
| 008 | 240507b ||||| |||| 00| 0 spa d | ||
| 040 | _cBiblioteca Ernesto Sábato | ||
| 092 |
_a150.195 _bL128 _eJLS |
||
| 100 | _aLacan, Jacques | ||
| 245 | _aEl mito individual del neurótico | ||
| 260 |
_aBuenos Aires _bPaidós |
||
| 300 | _a118 p | ||
| 650 | _aPSICOANALISIS | ||
| 650 | _aNEUROSIS | ||
| 942 |
_2ddc _cJLS |
||